<?xml version="1.0" encoding="UTF-8"?>
<record
    xmlns:xsi="http://www.w3.org/2001/XMLSchema-instance"
    xsi:schemaLocation="http://www.loc.gov/MARC21/slim http://www.loc.gov/standards/marcxml/schema/MARC21slim.xsd"
    xmlns="http://www.loc.gov/MARC21/slim">

  <leader>03122cam a2200373 a 4500</leader>
  <controlfield tag="001">14611900</controlfield>
  <controlfield tag="005">20240311101221.0</controlfield>
  <controlfield tag="008">061026s2007    nyu      b    001 0 eng  </controlfield>
  <datafield tag="010" ind1=" " ind2=" ">
    <subfield code="a">  2006035743</subfield>
  </datafield>
  <datafield tag="015" ind1=" " ind2=" ">
    <subfield code="a">GBA698212</subfield>
    <subfield code="2">bnb</subfield>
  </datafield>
  <datafield tag="016" ind1="7" ind2=" ">
    <subfield code="a">013607474</subfield>
    <subfield code="2">Uk</subfield>
  </datafield>
  <datafield tag="020" ind1=" " ind2=" ">
    <subfield code="a">9780393060867 (hardcover)</subfield>
  </datafield>
  <datafield tag="020" ind1=" " ind2=" ">
    <subfield code="a">0393060861 (hardcover)</subfield>
  </datafield>
  <datafield tag="035" ind1=" " ind2=" ">
    <subfield code="a">(OCoLC)ocm74649096</subfield>
  </datafield>
  <datafield tag="035" ind1=" " ind2=" ">
    <subfield code="a">(OCoLC)74649096</subfield>
  </datafield>
  <datafield tag="040" ind1=" " ind2=" ">
    <subfield code="a">DLC</subfield>
    <subfield code="c">DLC</subfield>
    <subfield code="d">YDX</subfield>
    <subfield code="d">BAKER</subfield>
    <subfield code="d">UKM</subfield>
    <subfield code="d">BTCTA</subfield>
    <subfield code="d">MEA</subfield>
    <subfield code="d">YDXCP</subfield>
    <subfield code="d">JED</subfield>
    <subfield code="d">MNY</subfield>
    <subfield code="d">VP@</subfield>
    <subfield code="d">DLC</subfield>
  </datafield>
  <datafield tag="050" ind1="0" ind2="0">
    <subfield code="a">RC569.5.A28</subfield>
    <subfield code="b">L48 2007</subfield>
  </datafield>
  <datafield tag="082" ind1="0" ind2="0">
    <subfield code="a">616.8583690651</subfield>
    <subfield code="b">LEV</subfield>
  </datafield>
  <datafield tag="100" ind1="1" ind2=" ">
    <subfield code="a">Levenkron, Steven,</subfield>
    <subfield code="d">1941-</subfield>
    <subfield code="9">122046</subfield>
  </datafield>
  <datafield tag="245" ind1="1" ind2="0">
    <subfield code="a">Stolen tomorrows :</subfield>
    <subfield code="b">understanding and treating women's childhood sexual abuse /</subfield>
    <subfield code="c">Steven Levenkron, with Abby Levenkron.</subfield>
  </datafield>
  <datafield tag="250" ind1=" " ind2=" ">
    <subfield code="a">1st ed.</subfield>
  </datafield>
  <datafield tag="260" ind1=" " ind2=" ">
    <subfield code="a">New York :</subfield>
    <subfield code="b">W.W. Norton,</subfield>
    <subfield code="c">c2007.</subfield>
  </datafield>
  <datafield tag="300" ind1=" " ind2=" ">
    <subfield code="a">288 p. ;</subfield>
    <subfield code="c">22 cm.</subfield>
  </datafield>
  <datafield tag="504" ind1=" " ind2=" ">
    <subfield code="a">Includes bibliographical references (p. [275]-276) and index.</subfield>
  </datafield>
  <datafield tag="505" ind1="0" ind2=" ">
    <subfield code="a">Toxic water, stunted tree : an introduction to childhood sexual abuse -- Pt. 1. Then and now -- 1. The sexually abused child as an adult -- 2. How children survive sexual abuse -- Pt. 2. Case histories : understanding through example -- 3. June : the evil magnet -- 4. Deirdre : wanting family support, not revenge -- 5. Annie and Gina : afraid to receive pleasure -- 6. Adrienne : sad little girl in the photo -- 7. Marjorie : Uncle Bill in the barn -- 8. Lana : "easy money" -- 9. Rose : "I remember those hairy arms" -- 10. Emily : cornered -- 11. Cassie : the "phantom palette" -- 12. Olivia : the effect of sexual abuse on marriage -- 13. Audrey : the father -- 14. Ava : "poor kid in a rich family" -- 15. Maureen : "dissociation just happens" -- 16. Kendra : "so I have to be normal?" -- 17. Julie : relief from psychotic episodes -- 18. Doreen : compulsive scratching is self-mutilation -- 19. Jen : a case of iatrogenic abuse -- Pt. 3. Understanding stolen tomorrows -- 20. Trauma -- 21. The survivor's relationship to her body -- 22. Self-mutilation -- 23. Eating disorders -- 24. Physical, sexual, and social impairments -- Pt. 4. Recovering stolen tomorrows -- 25. Developing readiness for treatment -- 26. Setting therapeutic goals -- 27. Balancing bonding with boundaries -- 28. Tasks and challenges facing the therapist -- 29. Pacing in therapy -- 30. Repairing the damage : reducing the effects of trauma -- 31. Taking a closer look at psychotherapy -- 32. Going public with family and community -- 33. Adolescent date rape -- 34. Combating body memories with the mind -- 35. To the sexually abused reader : getting the help you need.</subfield>
  </datafield>
  <datafield tag="650" ind1=" " ind2="0">
    <subfield code="a">Adult child sexual abuse victims</subfield>
    <subfield code="x">Psychology.</subfield>
    <subfield code="9">122047</subfield>
  </datafield>
  <datafield tag="650" ind1=" " ind2="0">
    <subfield code="a">Adult child sexual abuse victims</subfield>
    <subfield code="x">Treatment.</subfield>
    <subfield code="9">122048</subfield>
  </datafield>
  <datafield tag="650" ind1=" " ind2="0">
    <subfield code="a">Psychotherapy.</subfield>
    <subfield code="9">4392</subfield>
  </datafield>
  <datafield tag="700" ind1="1" ind2=" ">
    <subfield code="a">Levenkron, Abby.</subfield>
    <subfield code="9">122049</subfield>
  </datafield>
  <datafield tag="856" ind1="4" ind2="1">
    <subfield code="3">Table of contents only</subfield>
    <subfield code="u">http://www.loc.gov/catdir/toc/ecip073/2006035743.html</subfield>
  </datafield>
  <datafield tag="906" ind1=" " ind2=" ">
    <subfield code="a">7</subfield>
    <subfield code="b">cbc</subfield>
    <subfield code="c">orignew</subfield>
    <subfield code="d">1</subfield>
    <subfield code="e">ecip</subfield>
    <subfield code="f">20</subfield>
    <subfield code="g">y-gencatlg</subfield>
  </datafield>
  <datafield tag="942" ind1=" " ind2=" ">
    <subfield code="2">ddc</subfield>
    <subfield code="c">BK</subfield>
  </datafield>
  <datafield tag="999" ind1=" " ind2=" ">
    <subfield code="c">344150</subfield>
    <subfield code="d">344150</subfield>
  </datafield>
  <datafield tag="952" ind1=" " ind2=" ">
    <subfield code="0">0</subfield>
    <subfield code="1">0</subfield>
    <subfield code="4">0</subfield>
    <subfield code="7">0</subfield>
    <subfield code="a">CL</subfield>
    <subfield code="b">CL</subfield>
    <subfield code="d">2013-08-28</subfield>
    <subfield code="l">0</subfield>
    <subfield code="m">3</subfield>
    <subfield code="o">616.858369065122 LEV</subfield>
    <subfield code="p">NBS7730</subfield>
    <subfield code="r">2023-01-19</subfield>
    <subfield code="w">2013-08-28</subfield>
    <subfield code="y">BK</subfield>
  </datafield>
</record>
